000 00819nam a2200217 i 4500
001 75266
003 ES-MaACL
005 20230906172404.0
007 t|
008 040923s1958 sp |||| | spa d
100 1 _aGramberg, Eduard J.
_959538
245 1 0 _aFondo y forma del humorismo de Leopoldo Alas "Clarín" /
_cpor Eduard J. Gramberg.
260 _aOviedo :
_bDiputación de Asturias,
_c1958 (
_fSumma)
300 _a265 p. ;
_c21 cm.
500 _aPrecede al tít.: Instituto de Estudios Asturianos. Patronato José Mª Cuadrado.
600 1 4 _aAlas, Leopoldo,
_d1852-1901-
_xCrítica e interpretación
_919157
710 2 _aInstituto de Estudios Asturianos.
_94889
710 1 _aAsturias (Comunidad Autónoma).
_bDiputación Provincial.
_91838
852 _aES-MaACL
_jC-16199
999 _c75266
_d75266